000 00424nam a2200145Ia 4500
008 230917s9999||||xx |||||||||||||| ||und||
040 _e106861
_aMAIN
041 _aEnglish
082 _a294.6 B451P
100 _aBerar, Avtar Singh
245 0 _aPurav janam tap asthan: Sri Hemkunt Sahib :First detailed research work on Shri HemKunt Sahib
260 _aDelhi
_bNational Book Shop
_c2002
300 _a174 p.
942 _cBK
999 _c82404
_d82404